000 00549nam a2200217 a 4500
001 0001-2136
003 ELIB.Books
008 190724 2010 eng
020 _a0334024765
092 _a230
_bSol
100 _aSolle, Dorothee.
245 _aThinking About God
260 _aPhiladelphia
_bTrinity Press International
_c1990
300 _a210
_c21cm
650 _aTheology
856 _nKBTS Library
_uKBTS Elib
942 _2ddc
_cBK
990 _a1
998 _aEnglishbooks.elf
_ccat
_e2019-07-24
999 _c12136
_d12136